| 000 | 00969nam a22002657a 4500 | ||
|---|---|---|---|
| 003 | BD-DhSAU | ||
| 005 | 20211018123635.0 | ||
| 008 | 210929b |||||||| |||| 00| 0 eng d | ||
| 040 | _aBD-DhSAU | ||
| 082 |
_222 _a634.9 _bM2788 |
||
| 100 |
_aMAHMUD, MD. MANIK _eRegistration No.:# 13-05413 |
||
| 245 |
_aAssessment of heavy metal status in soil of
different industrial areas in narayanganj
district /
_bMs Thesis |
||
| 260 |
_aSher-e-Bangla Agricultural University Dhaka 1207; _bDepartment of Agroforesty and Environmental Science; _c2020; |
||
| 300 |
_aix; _b59p.; _c30cm.; |
||
| 500 | _aIncluding Index.; | ||
| 590 | _anazmul | ||
| 600 | _qmetal status | ||
| 610 | _asoil | ||
| 650 | _aindustrial areas | ||
| 651 | _anarayanganj district | ||
| 700 |
_aABDUL HALIM _eSupervisor |
||
| 710 |
_aDR. JUBAYER-AL-MAHMUD _eCo-Supervisor |
||
| 856 |
_yOnline Access _uhttp://archive.saulibrary.edu.bd:8080/xmlui/handle/123456789/3441 |
||
| 942 |
_2ddc _cTHESIS |
||
| 999 |
_c15573 _d15572 |
||